000 00292nam a22001337a 4500
008 170424b xxu||||| |||| 00| 0 eng d
020 _a9780762103225
041 _aeng
080 _a61
100 _a4
101 _aSHM
245 _aTAKING CHARGE OF ARTHRITIS
_cKALYN, W
942 _2udc
_cBK
999 _c11818
_d11818